[Event "MCR_O189"]
[Site "?"]
[Date "2004.??.??"]
[Round "?"]
[White "Cvak, Rudolf"]
[Black "Hampl, Bohumil"]
[Result "1-0"]
[WhiteElo "1835"]
[BlackElo "2001"]
[PlyCount "41"]
[EventDate "2004.??.??"]
[EventType "corr"]
[EventRounds "2"]
[SourceDate "2005.03.12"]

1. e4 e5 2. Nc3 Nf6 3. Bc4 Nxe4 4. Qh5 Nd6 5. Bb3 Be7 6. Nf3 Nc6 7. Nxe5 O-O 8.
d3 Nxe5 9. Qxe5 Bf6 10. Qf4 Be5 11. Qf3 Bxc3+ 12. bxc3 Qe7+ 13. Be3 Qe5 14. O-O
Qxc3 15. Rae1 Qc6 16. Bd5 Qxc2 17. Bd4 Qa4 18. Bc5 Qa6 19. Re7 h6 20. Bxd6 Qxd6
21. Rxf7 1-0

[Event "MCR_O189"]
[Site "?"]
[Date "2004.??.??"]
[Round "?"]
[White "Cvak, Rudolf"]
[Black "Jedlicka, Roman"]
[Result "1-0"]
[WhiteElo "1835"]
[BlackElo "1800"]
[PlyCount "41"]
[EventDate "2004.??.??"]
[EventType "corr"]
[EventRounds "2"]
[SourceDate "2005.03.12"]

1. e4 e6 2. d4 d5 3. Nc3 Nf6 4. e5 Nfd7 5. f4 c5 6. Nf3 cxd4 7. Nxd4 Bb4 8. a3
Bxc3+ 9. bxc3 O-O 10. Bd3 Qc7 11. O-O Qxc3 12. Be3 a6 13. Qh5 f5 14. Nxe6 g6
15. Qh6 Rf7 16. Bd4 Qa5 17. Ng5 Re7 18. Nxh7 Nc6 19. Qxg6+ Rg7 20. Qe8+ Kxh7
21. Bxf5+ 1-0

[Event "MCR_O189"]
[Site "?"]
[Date "2004.??.??"]
[Round "?"]
[White "Cvak, Rudolf"]
[Black "Kudr, Roman"]
[Result "0-1"]
[WhiteElo "1835"]
[BlackElo "1857"]
[PlyCount "104"]
[EventDate "2004.??.??"]
[EventType "corr"]
[EventRounds "2"]
[SourceDate "2005.03.12"]

1. e4 e5 2. f4 exf4 3. Nf3 d6 4. Bc4 Be6 5. Bxe6 fxe6 6. d4 Qf6 7. Nc3 c6 8. e5
dxe5 9. dxe5 Qf5 10. Ne2 Nd7 11. Bxf4 O-O-O 12. Nfd4 Qg6 13. Qd3 Ne7 14. O-O-O
Qxd3 15. Rxd3 Nd5 16. g3 Nc5 17. Rdd1 Be7 18. Rhf1 Rhf8 19. h4 Nc7 20. c4 Nd7
21. Nf3 h6 22. h5 Rf5 23. g4 Rf7 24. Bg3 Bc5 25. b3 Rdf8 26. Nd2 Bf2 27. Bh2
Be3 28. Rxf7 Rxf7 29. Bg3 Na6 30. Kb2 Bxd2 31. Rxd2 Rf3 32. Bh2 Re3 33. Nd4
Nac5 34. Nc2 Re4 35. b4 Na6 36. Nd4 Nc7 37. Kc3 Rxg4 38. Nf3 c5 39. bxc5 Nxc5
40. Rd4 Rg2 41. Rf4 N7a6 42. Bg1 Rxa2 43. Rf8+ Kc7 44. Bxc5 Nxc5 45. Kd4 Kb6
46. Rd8 Nb3+ 47. Kc3 Rf2 48. Rd6+ Kc5 49. Ne1 Nc1 50. Nd3+ Nxd3 51. Kxd3 Rh2
52. Rxe6 Rh3+ 0-1

[Event "MCR_O189"]
[Site "?"]
[Date "2004.??.??"]
[Round "?"]
[White "Cvak, Rudolf"]
[Black "Lucan, Zdenko"]
[Result "1-0"]
[WhiteElo "1835"]
[BlackElo "1800"]
[PlyCount "53"]
[EventDate "2004.??.??"]
[EventType "corr"]
[EventRounds "2"]
[SourceDate "2005.03.12"]

1. Nf3 Nf6 2. c4 g6 3. d4 d6 4. Nc3 Bg4 5. e4 Bg7 6. Be2 O-O 7. O-O c6 8. Be3
Nbd7 9. h3 Bxf3 10. Bxf3 Re8 11. Be2 Nf8 12. Qc2 e6 13. Rad1 Qe7 14. f4 a6 15.
e5 dxe5 16. fxe5 N6d7 17. Ne4 Red8 18. Bg5 Qb4 19. c5 Rdb8 20. Nd6 Qa5 21. Rxf7
b5 22. Qc1 Nxe5 23. Qf4 Nxf7 24. Qxf7+ Kh8 25. Bf6 Bxf6 26. Qxf6+ Kg8 27. Nf7
1-0

[Event "MCR_O189"]
[Site "?"]
[Date "2004.??.??"]
[Round "?"]
[White "Cvak, Rudolf"]
[Black "Petricek, Jiri"]
[Result "1-0"]
[WhiteElo "1835"]
[BlackElo "1876"]
[PlyCount "35"]
[EventDate "2004.??.??"]
[EventType "corr"]
[EventRounds "2"]
[SourceDate "2005.03.12"]

{Petricek vystoupil z turnaje} 1. e4 e6 2. d4 d5 3. Nd2 Nf6 4. e5 Nfd7 5. f4 c5
6. c3 Nc6 7. Ndf3 Qa5 8. Be3 cxd4 9. Nxd4 Ne7 10. Ngf3 Nb6 11. b4 Qa4 12. Bb5+
Bd7 13. Bxa4 Bxa4 14. Qd3 Nc4 15. O-O Nc6 16. f5 Bxb4 17. fxe6 O-O 18. Ng5 1-0

[Event "MCR_O189"]
[Site "?"]
[Date "2004.??.??"]
[Round "?"]
[White "Cvak, Rudolf"]
[Black "Vins, Karel"]
[Result "1-0"]
[WhiteElo "1835"]
[BlackElo "1800"]
[PlyCount "67"]
[EventDate "2004.??.??"]
[EventType "corr"]
[EventRounds "2"]
[SourceDate "2005.03.12"]

1. e4 c5 2. Nf3 d6 3. d4 cxd4 4. Nxd4 Nf6 5. Nc3 a6 6. Bg5 e6 7. f4 Be7 8. Qf3
h6 9. Bh4 Nbd7 10. Bf2 Qc7 11. Be2 g6 12. O-O e5 13. Nb3 Nh7 14. Nd5 Qd8 15.
Be3 h5 16. Nd2 b5 17. a4 bxa4 18. Nc4 O-O 19. Bd2 Bb7 20. Ba5 Qe8 21. Nc7 Qc8
22. Nxa8 Qxa8 23. Bb4 Bxe4 24. Qf2 Qb8 25. c3 f6 26. Rxa4 Bb7 27. f5 g5 28.
Bxh5 Kg7 29. Rd1 Rh8 30. Bxd6 Bxd6 31. Nxd6 Bc8 32. Bf3 Qb6 33. Rc4 Qxf2+ 34.
Kxf2 1-0

[Event "MCR_O189"]
[Site "?"]
[Date "2004.??.??"]
[Round "?"]
[White "Hampl, Bohumil"]
[Black "Cvak, Rudolf"]
[Result "0-1"]
[WhiteElo "2001"]
[BlackElo "1835"]
[PlyCount "28"]
[EventDate "2004.??.??"]
[EventType "corr"]
[EventRounds "2"]
[SourceDate "2005.03.12"]

1. e4 e5 2. Nf3 Nc6 3. d4 exd4 4. Bc4 Nf6 5. O-O Nxe4 6. Re1 d5 7. Nc3 dxc3 8.
Bxd5 f5 9. Ng5 Bd6 10. Bxe4 fxe4 11. Qf3 Qf6 12. Qh5+ g6 13. Qe2 cxb2 14. Nxe4
bxa1=Q 0-1

[Event "MCR_O189"]
[Site "?"]
[Date "2004.??.??"]
[Round "?"]
[White "Hampl, Bohumil"]
[Black "Jedlicka, Roman"]
[Result "1-0"]
[WhiteElo "2001"]
[BlackElo "1800"]
[PlyCount "41"]
[EventDate "2004.??.??"]
[EventType "corr"]
[EventRounds "2"]
[SourceDate "2005.03.12"]

1. e4 e6 2. d4 d5 3. Nc3 Bb4 4. a3 Bxc3+ 5. bxc3 Ne7 6. exd5 exd5 7. c4 Bf5 8.
cxd5 Nxd5 9. c4 Ne7 10. Be2 O-O 11. Nf3 c6 12. O-O Na6 13. Qb3 Qc7 14. Re1 Be4
15. Rb1 Rab8 16. Bb2 Bxf3 17. Bxf3 Nf5 18. d5 Nc5 19. Qc2 Nh4 20. Be5 f5 21.
Bxc7 1-0

[Event "MCR_O189"]
[Site "?"]
[Date "2004.??.??"]
[Round "?"]
[White "Hampl, Bohumil"]
[Black "Kudr, Roman"]
[Result "0-1"]
[WhiteElo "2001"]
[BlackElo "1857"]
[PlyCount "68"]
[EventDate "2004.??.??"]
[EventType "corr"]
[EventRounds "2"]
[SourceDate "2005.03.12"]

1. e4 e5 2. Nf3 Nc6 3. d4 exd4 4. Bc4 Bc5 5. c3 h6 6. cxd4 Bb4+ 7. Nc3 Nf6 8.
O-O O-O 9. e5 d5 10. exf6 dxc4 11. d5 Na5 12. Qd4 Qxf6 13. Qxf6 gxf6 14. Bxh6
Rd8 15. Bf4 Bxc3 16. bxc3 Rxd5 17. Bxc7 Nc6 18. Rfd1 Rxd1+ 19. Rxd1 Bg4 20. h4
Rc8 21. Bg3 b5 22. a3 a5 23. Rb1 Bxf3 24. gxf3 b4 25. cxb4 axb4 26. axb4 c3 27.
Bf4 c2 28. Rb2 Ne5 29. Rb3 c1=Q+ 30. Bxc1 Rxc1+ 31. Kg2 Rc6 32. Rb1 Rb6 33. Kg3
Nc6 34. b5 Nd4 0-1

[Event "MCR_O189"]
[Site "?"]
[Date "2004.??.??"]
[Round "?"]
[White "Hampl, Bohumil"]
[Black "Lucan, Zdenko"]
[Result "1-0"]
[WhiteElo "2001"]
[BlackElo "1800"]
[PlyCount "40"]
[EventDate "2004.??.??"]
[EventType "corr"]
[EventRounds "2"]
[SourceDate "2005.03.12"]

1. e4 Nf6 2. Nc3 e5 3. f4 exf4 4. e5 Ng8 5. Qg4 c6 6. Nf3 Ne7 7. Qxf4 Ng6 8.
Qe3 Be7 9. d4 O-O 10. Bd3 d5 11. O-O Bg4 12. Ne2 Bxf3 13. gxf3 Na6 14. c3 Nc7
15. f4 Bh4 16. f5 Nh8 17. Qh3 Bg5 18. f6 Be3+ 19. Bxe3 g6 20. Qh6 Ne8 1-0

[Event "MCR_O189"]
[Site "?"]
[Date "2004.??.??"]
[Round "?"]
[White "Hampl, Bohumil"]
[Black "Petricek, Jiri"]
[Result "1-0"]
[WhiteElo "2001"]
[BlackElo "1876"]
[PlyCount "29"]
[EventDate "2004.??.??"]
[EventType "corr"]
[EventRounds "2"]
[SourceDate "2005.03.12"]

{Petricek vystoupil z turnaje} 1. e4 e6 2. d4 d5 3. Nc3 Nf6 4. Bg5 Be7 5. e5
Nfd7 6. h4 Bxg5 7. hxg5 Qxg5 8. Nh3 Qe7 9. Qg4 O-O 10. Ng5 h6 11. Rxh6 gxh6 12.
Nxe6+ Qg5 13. Nxg5 Nxe5 14. Qh5 Ng4 15. Nxd5 1-0

[Event "MCR_O189"]
[Site "?"]
[Date "2004.??.??"]
[Round "?"]
[White "Hampl, Bohumil"]
[Black "Vins, Karel"]
[Result "1-0"]
[WhiteElo "2001"]
[BlackElo "1800"]
[PlyCount "69"]
[EventDate "2004.??.??"]
[EventType "corr"]
[EventRounds "2"]
[SourceDate "2005.03.12"]

1. e4 e5 2. Nf3 Nc6 3. d4 exd4 4. Bc4 Bc5 5. c3 dxc3 6. Bxf7+ Kxf7 7. Qd5+ Kf8
8. Qxc5+ d6 9. Qc4 Qe7 10. Nxc3 Nf6 11. Be3 h6 12. O-O a6 13. e5 Ne8 14. exd6
Nxd6 15. Qf4+ Qf7 16. Nd5 Qxf4 17. Bxf4 Bg4 18. h3 Bxf3 19. Nxc7 Rc8 20. Bxd6+
Kf7 21. gxf3 Rhd8 22. Rad1 Rxd6 23. Rxd6 Rxc7 24. Rfd1 Re7 25. Kh2 Ne5 26. Kg3
Nc4 27. R6d4 Na5 28. Rf4+ Ke8 29. Re4 Nc6 30. Kf4 Kf7 31. Rxe7+ Kxe7 32. Kf5
Ke8 33. Kg6 Kf8 34. Kh7 Ne5 35. Rd5 1-0

[Event "MCR_O189"]
[Site "?"]
[Date "2004.??.??"]
[Round "?"]
[White "Jedlicka, Roman"]
[Black "Cvak, Rudolf"]
[Result "0-1"]
[WhiteElo "1800"]
[BlackElo "1835"]
[PlyCount "48"]
[EventDate "2004.??.??"]
[EventType "corr"]
[EventRounds "2"]
[SourceDate "2005.03.12"]

1. f4 e5 2. e4 exf4 3. d3 Qh4+ 4. g3 fxg3 5. Nf3 g2+ 6. Nxh4 gxh1=Q 7. Qe2 d6
8. Bf4 Be7 9. Nf3 Bg4 10. Nbd2 Bh4+ 11. Bg3 Bxg3+ 12. hxg3 Nc6 13. O-O-O Qh5
14. Bg2 O-O-O 15. Rh1 Qa5 16. a3 Nf6 17. c3 Rhe8 18. d4 Nxe4 19. Nc4 Qa4 20.
Re1 Nc5 21. Ne3 Rxe3 22. Qxe3 Nb3+ 23. Kb1 Bf5+ 24. Ka2 Qc4 0-1

[Event "MCR_O189"]
[Site "?"]
[Date "2004.??.??"]
[Round "?"]
[White "Jedlicka, Roman"]
[Black "Hampl, Bohumil"]
[Result "0-1"]
[WhiteElo "1800"]
[BlackElo "2001"]
[PlyCount "60"]
[EventDate "2004.??.??"]
[EventType "corr"]
[EventRounds "2"]
[SourceDate "2005.03.12"]

1. f4 d5 2. d4 Nf6 3. Nf3 c5 4. e3 e6 5. c4 dxc4 6. Bxc4 Nc6 7. Nc3 cxd4 8.
exd4 Bb4 9. O-O O-O 10. Ne2 b6 11. Be3 Bb7 12. h3 Rc8 13. Rc1 a6 14. a3 Bd6 15.
Ng5 b5 16. Bb3 Na5 17. Rxc8 Qxc8 18. Ba2 Nc4 19. Bxc4 Qxc4 20. Nc3 Bxa3 21.
Nxb5 axb5 22. bxa3 Qa2 23. Bf2 Qxa3 24. Re1 h6 25. Nf3 Bxf3 26. Qxf3 Qxf3 27.
gxf3 b4 28. Rb1 Nd5 29. Kg2 Nxf4+ 30. Kg3 Nd5 0-1

[Event "MCR_O189"]
[Site "?"]
[Date "2004.??.??"]
[Round "?"]
[White "Jedlicka, Roman"]
[Black "Kudr, Roman"]
[Result "0-1"]
[WhiteElo "1800"]
[BlackElo "1857"]
[PlyCount "64"]
[EventDate "2004.??.??"]
[EventType "corr"]
[EventRounds "2"]
[SourceDate "2005.03.12"]

1. f4 c5 2. Nf3 d5 3. d4 cxd4 4. Nxd4 Nf6 5. Nc3 e6 6. e3 Bd7 7. Bd3 Nc6 8. O-O
Rc8 9. Nxc6 Bxc6 10. b3 Bc5 11. Na4 Bxa4 12. bxa4 O-O 13. Kh1 Qe7 14. Qf3 Bb4
15. Bb2 Bc3 16. Rab1 Rfd8 17. Bxc3 Rxc3 18. Rb3 Rc7 19. Qf2 Nd7 20. Qe2 Nc5 21.
Ra3 Nxd3 22. Rxd3 Rdc8 23. Rc1 Qb4 24. Rd2 Qxa4 25. h3 Rc3 26. e4 Qxe4 27. Qxe4
dxe4 28. Rd7 R3c7 29. Rcd1 Rxd7 30. Rxd7 Kf8 31. Rxb7 Rxc2 32. Rxa7 e3 0-1

[Event "MCR_O189"]
[Site "?"]
[Date "2004.??.??"]
[Round "?"]
[White "Jedlicka, Roman"]
[Black "Lucan, Zdenko"]
[Result "1/2-1/2"]
[WhiteElo "1800"]
[BlackElo "1800"]
[PlyCount "82"]
[EventDate "2004.??.??"]
[EventType "corr"]
[EventRounds "2"]
[SourceDate "2005.03.12"]

1. f4 d5 2. d4 Nf6 3. Nf3 Bg4 4. e3 e6 5. c4 Bb4+ 6. Bd2 Bxd2+ 7. Nbxd2 Ne4 8.
Bd3 Nxd2 9. Kxd2 dxc4 10. Bxc4 Bxf3 11. Qxf3 c6 12. Rhf1 O-O 13. Bd3 g6 14. Qe4
Qd5 15. Qxd5 cxd5 16. Rh1 Nc6 17. Bb5 Ne7 18. g4 a6 19. Be2 b5 20. h4 Ra7 21.
h5 gxh5 22. Rxh5 f6 23. Rah1 Rf7 24. g5 fxg5 25. Rxg5+ Rg7 26. Re5 Kf7 27. Reh5
Kg8 28. Bd3 Nf5 29. Bxf5 exf5 30. Rxf5 Raf7 31. Rxd5 Rg2+ 32. Kc3 Rg3 33. Re5
Rxf4 34. Rh2 Kg7 35. Kb4 Rff3 36. Re2 Rg4 37. Ka5 Rg6 38. d5 Rff6 39. Re7+ Rf7
40. Rxf7+ Kxf7 41. d6 Rxd6 1/2-1/2

[Event "MCR_O189"]
[Site "?"]
[Date "2004.??.??"]
[Round "?"]
[White "Jedlicka, Roman"]
[Black "Petricek, Jiri"]
[Result "1-0"]
[WhiteElo "1800"]
[BlackElo "1876"]
[PlyCount "29"]
[EventDate "2004.??.??"]
[EventType "corr"]
[EventRounds "2"]
[SourceDate "2005.03.12"]

{Petricek vystoupil z turnaje} 1. f4 d6 2. Nf3 Nf6 3. e3 g6 4. Bc4 Bg7 5. O-O
d5 6. Bb3 O-O 7. Nc3 c5 8. d3 Nc6 9. Ne5 Nb4 10. Na4 b6 11. c3 Na6 12. d4 c4
13. Bc2 b5 14. Nc5 Nxc5 15. dxc5 1-0

[Event "MCR_O189"]
[Site "?"]
[Date "2004.??.??"]
[Round "?"]
[White "Jedlicka, Roman"]
[Black "Vins, Karel"]
[Result "1/2-1/2"]
[WhiteElo "1800"]
[BlackElo "1800"]
[PlyCount "69"]
[EventDate "2004.??.??"]
[EventType "corr"]
[EventRounds "2"]
[SourceDate "2005.03.12"]

1. f4 d5 2. d4 g6 3. Nf3 Nc6 4. e3 e6 5. c4 Nge7 6. Bd3 f5 7. O-O Bg7 8. a3 b6
9. Nc3 dxc4 10. Bxc4 Na5 11. Ba2 c6 12. Ne5 Bxe5 13. fxe5 Bd7 14. Qf3 Qc7 15.
b4 Nb7 16. e4 O-O-O 17. Bg5 Rde8 18. Bf6 Rhg8 19. Bxe7 Rxe7 20. Rac1 Kb8 21.
exf5 gxf5 22. Qh3 Rgg7 23. Ne2 Nd8 24. b5 Qb7 25. bxc6 Bxc6 26. Nf4 Be4 27. Bb1
Nf7 28. Rf2 Ng5 29. Qe3 Nf3+ 30. Kh1 Ng5 31. h4 Bxb1 32. hxg5 Be4 33. Nh5 Rg6
34. Nf6 Bc6 35. Rcc2 1/2-1/2

[Event "MCR_O189"]
[Site "?"]
[Date "2004.??.??"]
[Round "?"]
[White "Kudr, Roman"]
[Black "Cvak, Rudolf"]
[Result "0-1"]
[WhiteElo "1857"]
[BlackElo "1835"]
[PlyCount "80"]
[EventDate "2004.??.??"]
[EventType "corr"]
[EventRounds "2"]
[SourceDate "2005.03.12"]

1. d4 Nf6 2. Nf3 d5 3. c4 c6 4. Nc3 dxc4 5. a4 Bf5 6. Ne5 e6 7. f3 Bb4 8. Bg5
h6 9. Bxf6 Qxf6 10. e4 Bh7 11. Bxc4 O-O 12. Ng4 Qe7 13. Qb3 Rd8 14. Rd1 a6 15.
O-O b5 16. Be2 Rxd4 17. Rxd4 Bc5 18. Nf2 Bxd4 19. g3 Nd7 20. Kg2 Nc5 21. Qa3
Qf8 22. Nd3 Rd8 23. Rd1 Nxd3 24. Qxf8+ Kxf8 25. Bxd3 e5 26. Kf1 b4 27. Na2 a5
28. b3 h5 29. h3 f6 30. Nc1 Bb2 31. Ke2 Bg8 32. Bc2 Rxd1 33. Kxd1 c5 34. Ne2 c4
35. bxc4 Bxc4 36. Kd2 Ke7 37. Bd3 Bb3 38. Bb5 Kd6 39. g4 h4 40. f4 Kc5 0-1

[Event "MCR_O189"]
[Site "?"]
[Date "2004.??.??"]
[Round "?"]
[White "Kudr, Roman"]
[Black "Hampl, Bohumil"]
[Result "1-0"]
[WhiteElo "1857"]
[BlackElo "2001"]
[PlyCount "71"]
[EventDate "2004.??.??"]
[EventType "corr"]
[EventRounds "2"]
[SourceDate "2005.03.12"]

1. d4 Nf6 2. Nf3 g6 3. c4 Bg7 4. Nc3 d6 5. Bg5 O-O 6. e3 c5 7. Bd3 Nc6 8. O-O
Bg4 9. Be2 Nd7 10. d5 Bxf3 11. Bxf3 Nce5 12. Be2 Nb6 13. Qb3 f5 14. a4 Rb8 15.
a5 Nbd7 16. Qc2 Re8 17. e4 fxe4 18. Nxe4 Nf6 19. Nc3 Nf7 20. Bh4 Qd7 21. Rfe1
e5 22. h3 Nh6 23. g4 Rf8 24. Qa4 Qe7 25. Qc2 Qd7 26. Qd3 Nf7 27. Qe3 Nd8 28. g5
Ne8 29. Bg4 Qf7 30. b4 b6 31. axb6 axb6 32. Ne4 Qe7 33. Bg3 cxb4 34. Reb1 Nb7
35. Qxb6 Nc7 36. Ra7 1-0

[Event "MCR_O189"]
[Site "?"]
[Date "2004.??.??"]
[Round "?"]
[White "Kudr, Roman"]
[Black "Jedlicka, Roman"]
[Result "1-0"]
[WhiteElo "1857"]
[BlackElo "1800"]
[PlyCount "51"]
[EventDate "2004.??.??"]
[EventType "corr"]
[EventRounds "2"]
[SourceDate "2005.03.12"]

1. d4 d5 2. Nf3 e6 3. c4 c5 4. Nc3 Nf6 5. cxd5 exd5 6. Bg5 Nc6 7. Bxf6 gxf6 8.
g3 Be6 9. Bg2 Qb6 10. O-O c4 11. Qc2 O-O-O 12. Rfd1 Nb4 13. Qd2 h5 14. b3 Nc6
15. bxc4 Bg7 16. cxd5 Bxd5 17. Nxd5 Rxd5 18. Rac1 Bh6 19. e3 Rd6 20. Qc3 Kd8
21. d5 Ne7 22. Nd2 Rd7 23. Nc4 Qa6 24. d6 Nc8 25. Qxf6+ Ke8 26. Qxh8+ 1-0

[Event "MCR_O189"]
[Site "?"]
[Date "2004.??.??"]
[Round "?"]
[White "Kudr, Roman"]
[Black "Lucan, Zdenko"]
[Result "1-0"]
[WhiteElo "1857"]
[BlackElo "1800"]
[PlyCount "53"]
[EventDate "2004.??.??"]
[EventType "corr"]
[EventRounds "2"]
[SourceDate "2005.03.12"]

1. d4 f5 2. Nc3 d5 3. Bf4 Nf6 4. e3 e6 5. Bd3 Bd6 6. Qf3 Bxf4 7. Qxf4 O-O 8.
Nge2 Ne4 9. Bxe4 fxe4 10. Qg3 c6 11. O-O-O Qf6 12. Rhf1 Nd7 13. f3 exf3 14.
Rxf3 Qe7 15. e4 dxe4 16. Rxf8+ Nxf8 17. Nxe4 b6 18. Rf1 Ba6 19. Nd6 Bxe2 20.
Rf7 Qxf7 21. Nxf7 Kxf7 22. Qf2+ Kg8 23. Qxe2 a5 24. Qc4 Rc8 25. Qa6 Rb8 26. Qa7
Re8 27. Qxb6 1-0

[Event "MCR_O189"]
[Site "?"]
[Date "2004.??.??"]
[Round "?"]
[White "Kudr, Roman"]
[Black "Petricek, Jiri"]
[Result "1-0"]
[WhiteElo "1857"]
[BlackElo "1876"]
[PlyCount "31"]
[EventDate "2004.??.??"]
[EventType "corr"]
[EventRounds "2"]
[SourceDate "2005.03.12"]

{Petricek vystoupil z turnaje} 1. d4 d5 2. Nf3 Nf6 3. c4 e6 4. Bg5 Be7 5. e3
O-O 6. Nc3 Nc6 7. cxd5 exd5 8. Bd3 Ng4 9. Bxe7 Nxe7 10. Qc2 Nf6 11. Rc1 Nc6 12.
a3 Re8 13. h3 Ne7 14. Ne5 c6 15. O-O b6 16. Na2 1-0

[Event "MCR_O189"]
[Site "?"]
[Date "2004.??.??"]
[Round "?"]
[White "Kudr, Roman"]
[Black "Vins, Karel"]
[Result "1-0"]
[WhiteElo "1857"]
[BlackElo "1800"]
[PlyCount "33"]
[EventDate "2004.??.??"]
[EventType "corr"]
[EventRounds "2"]
[SourceDate "2005.03.12"]

1. d4 d5 2. Nf3 Nf6 3. c4 dxc4 4. e3 e6 5. Bxc4 b6 6. O-O Bb7 7. Nc3 Nbd7 8. e4
Nxe4 9. Nxe4 Bxe4 10. Re1 Bd5 11. Bxd5 Rb8 12. Bc6 Bd6 13. Ne5 Bxe5 14. dxe5
Ke7 15. Qf3 h6 16. Qa3+ Ke8 17. Rd1 1-0

[Event "MCR_O189"]
[Site "?"]
[Date "2004.??.??"]
[Round "?"]
[White "Lucan, Zdenko"]
[Black "Cvak, Rudolf"]
[Result "0-1"]
[WhiteElo "1800"]
[BlackElo "1835"]
[PlyCount "50"]
[EventDate "2004.??.??"]
[EventType "corr"]
[EventRounds "2"]
[SourceDate "2005.03.12"]

1. f4 c5 2. Nf3 d5 3. e3 Nf6 4. b3 Nc6 5. g3 g6 6. Be2 Bg7 7. Bb2 d4 8. exd4
cxd4 9. d3 O-O 10. c3 Ng4 11. cxd4 Nxd4 12. Nxd4 Bxd4 13. Qd2 Qd5 14. Bxd4
Qxh1+ 15. Bf1 Nxh2 16. Qg2 Nf3+ 17. Kf2 Qxg2+ 18. Bxg2 Nxd4 19. Nc3 Rd8 20. Rc1
h5 21. Nd5 Be6 22. Nxe7+ Kf8 23. Rc7 Rab8 24. Rxb7 Rxb7 25. Bxb7 Kxe7 0-1

[Event "MCR_O189"]
[Site "?"]
[Date "2004.??.??"]
[Round "?"]
[White "Lucan, Zdenko"]
[Black "Hampl, Bohumil"]
[Result "0-1"]
[WhiteElo "1800"]
[BlackElo "2001"]
[PlyCount "56"]
[EventDate "2004.??.??"]
[EventType "corr"]
[EventRounds "2"]
[SourceDate "2005.03.12"]

1. c4 Nf6 2. Nf3 g6 3. Nc3 c5 4. e4 Nc6 5. Nb5 Bg7 6. d3 d6 7. h3 O-O 8. Be2 a6
9. Nc3 Rb8 10. Nd5 b5 11. O-O bxc4 12. Nxf6+ Bxf6 13. dxc4 Bxb2 14. Rb1 Bxc1
15. Rxb8 Nxb8 16. Qxc1 Nd7 17. Qc3 Bb7 18. Bd3 Qc7 19. Re1 Rb8 20. e5 Bxf3 21.
gxf3 Nxe5 22. Re3 Nc6 23. Be4 e6 24. Bxc6 Qxc6 25. a3 d5 26. cxd5 exd5 27. Qe5
Rc8 28. Kf1 Qd7 0-1

[Event "MCR_O189"]
[Site "?"]
[Date "2004.??.??"]
[Round "?"]
[White "Lucan, Zdenko"]
[Black "Jedlicka, Roman"]
[Result "1-0"]
[WhiteElo "1800"]
[BlackElo "1800"]
[PlyCount "55"]
[EventDate "2004.??.??"]
[EventType "corr"]
[EventRounds "2"]
[SourceDate "2005.03.12"]

1. b4 e6 2. a3 d5 3. Bb2 Nf6 4. e3 Be7 5. Bd3 c5 6. bxc5 Bxc5 7. Nf3 Nc6 8. Bb5
O-O 9. d4 Bd6 10. Bxc6 bxc6 11. O-O Qc7 12. a4 Ba6 13. Re1 Ne4 14. Nbd2 f6 15.
Ba3 Nc3 16. Bxd6 Qxd6 17. Qc1 Ne2+ 18. Rxe2 Bxe2 19. Qe1 Bxf3 20. Nxf3 a5 21.
c3 c5 22. dxc5 Qxc5 23. Qd2 Rfc8 24. Rc1 Rc6 25. Nd4 Rc7 26. Nxe6 Qc6 27. Nxc7
Qxc7 28. Qxd5+ 1-0

[Event "MCR_O189"]
[Site "?"]
[Date "2004.??.??"]
[Round "?"]
[White "Lucan, Zdenko"]
[Black "Kudr, Roman"]
[Result "0-1"]
[WhiteElo "1800"]
[BlackElo "1857"]
[PlyCount "52"]
[EventDate "2004.??.??"]
[EventType "corr"]
[EventRounds "2"]
[SourceDate "2005.03.12"]

1. e4 e5 2. Nf3 Nc6 3. Bb5 f5 4. Bxc6 dxc6 5. Nc3 fxe4 6. Nxe4 Nf6 7. Nxf6+
gxf6 8. O-O Bg4 9. h3 Bh5 10. g4 Qd7 11. Kh1 Bf7 12. d3 h5 13. g5 Qxh3+ 14. Nh2
O-O-O 15. f3 Rg8 16. Qe2 fxg5 17. Qg2 Qf5 18. Bd2 Bd5 19. c4 Be6 20. b3 g4 21.
fxg4 Qxd3 22. Rad1 Bxg4 23. Nxg4 hxg4 24. Bb4 Qxd1 25. Rxd1 Rxd1+ 26. Kh2 Rh8+
0-1

[Event "MCR_O189"]
[Site "?"]
[Date "2004.??.??"]
[Round "?"]
[White "Lucan, Zdenko"]
[Black "Petricek, Jiri"]
[Result "1-0"]
[WhiteElo "1800"]
[BlackElo "1876"]
[PlyCount "23"]
[EventDate "2004.??.??"]
[EventType "corr"]
[EventRounds "2"]
[SourceDate "2005.03.12"]

{Petricek vystoupil z turnaje} 1. d4 d5 2. c4 c6 3. Nc3 e6 4. c5 Nd7 5. Nf3 e5
6. Nxe5 Nxe5 7. dxe5 Bxc5 8. Bf4 Qb6 9. Qd2 Bxf2+ 10. Kd1 Bg4 11. h3 Bh5 12. g4
1-0

[Event "MCR_O189"]
[Site "?"]
[Date "2004.??.??"]
[Round "?"]
[White "Lucan, Zdenko"]
[Black "Vins, Karel"]
[Result "1/2-1/2"]
[WhiteElo "1800"]
[BlackElo "1800"]
[PlyCount "111"]
[EventDate "2004.??.??"]
[EventType "corr"]
[EventRounds "2"]
[SourceDate "2005.03.12"]

1. d4 d5 2. Nf3 Nf6 3. g3 Nc6 4. Bg2 Bf5 5. c3 e6 6. Ne5 Nxe5 7. dxe5 Nd7 8. f4
Bc5 9. b4 Be7 10. O-O c5 11. a3 h5 12. h3 c4 13. Nd2 g5 14. fxg5 Bxg5 15. Nf3
Bxc1 16. Qxc1 b5 17. Qe3 Qb6 18. Qxb6 Nxb6 19. Nd4 Bg6 20. Nxb5 Ke7 21. a4 Nd7
22. Rad1 Nxe5 23. Nd4 Rac8 24. a5 a6 25. Nf3 Nd7 26. h4 f6 27. Nd4 f5 28. e3
Ne5 29. Nf3 Ng4 30. Rfe1 Bf7 31. Bh3 Nf6 32. Nd2 Rhg8 33. Kh2 Be8 34. Nf3 Ne4
35. Rg1 Nxc3 36. Rde1 Ne4 37. Rg2 Rb8 38. Rb1 Ba4 39. Ra2 Bb3 40. Rab2 Rxg3 41.
Nd4 Kd7 42. Nxb3 cxb3 43. Rxb3 Rgg8 44. Rg1 Rxg1 45. Kxg1 Nd2 46. Rb2 Nf3+ 47.
Kf2 Nxh4 48. Kg3 Ng6 49. Bf1 Ra8 50. b5 axb5 51. Bxb5+ Kd6 52. a6 Ne7 53. Kh4
Nc8 54. Kxh5 Rb8 55. Rb1 Na7 56. Bd3 1/2-1/2

[Event "MCR_O189"]
[Site "?"]
[Date "2004.??.??"]
[Round "?"]
[White "Petricek, Jiri"]
[Black "Cvak, Rudolf"]
[Result "0-1"]
[WhiteElo "1876"]
[BlackElo "1835"]
[PlyCount "38"]
[EventDate "2004.??.??"]
[EventType "corr"]
[EventRounds "2"]
[SourceDate "2005.03.12"]

{Petricek vystoupil z turnaje} 1. e4 d5 2. exd5 Nf6 3. Bb5+ Bd7 4. Bxd7+ Qxd7
5. Nf3 Nxd5 6. Ne5 Qf5 7. d4 Nb4 8. O-O Nxc2 9. g4 Qe4 10. Nc3 Qxd4 11. Be3
Qxe5 12. Qxc2 e6 13. Rfe1 Nc6 14. Bxa7 Qg5 15. Be3 Qxg4+ 16. Kf1 Qh3+ 17. Ke2
Qh5+ 18. Kf1 Qxh2 19. Rad1 Qh3+ 0-1

[Event "MCR_O189"]
[Site "?"]
[Date "2004.??.??"]
[Round "?"]
[White "Petricek, Jiri"]
[Black "Hampl, Bohumil"]
[Result "0-1"]
[WhiteElo "1876"]
[BlackElo "2001"]
[PlyCount "24"]
[EventDate "2004.??.??"]
[EventType "corr"]
[EventRounds "2"]
[SourceDate "2005.03.12"]

{Petricek vystoupil z turnaje} 1. e4 e5 2. Nf3 Nf6 3. Nxe5 d6 4. Nf3 Nxe4 5. d4
d5 6. Bd3 Nc6 7. O-O Bg4 8. Re1 Be7 9. c3 f5 10. Qb3 O-O 11. Nbd2 Kh8 12. Qxb7
Rf6 0-1

[Event "MCR_O189"]
[Site "?"]
[Date "2004.??.??"]
[Round "?"]
[White "Petricek, Jiri"]
[Black "Jedlicka, Roman"]
[Result "0-1"]
[WhiteElo "1876"]
[BlackElo "1800"]
[PlyCount "40"]
[EventDate "2004.??.??"]
[EventType "corr"]
[EventRounds "2"]
[SourceDate "2005.03.12"]

{Petricek vystoupil z turnaje} 1. e4 e6 2. d4 d5 3. Nc3 Nf6 4. Bg5 Be7 5. e5
Nfd7 6. h4 Bxg5 7. hxg5 Qxg5 8. Nb5 Na6 9. Nh3 Qe7 10. c3 O-O 11. Qd2 Nb6 12.
O-O-O Bd7 13. Nf4 Bxb5 14. Bxb5 Nb8 15. Bd3 g6 16. Rh6 f5 17. Nxg6 hxg6 18.
Rxg6+ Kf7 19. Rh6 Ke8 20. b3 Nc6 0-1